000 01170nam2a2200229 4500
001 rc\2867759
005 20260315051426.0
035 _a(NLR Aleph) 007021424
090 _a13581485
_c13581485
100 _a20110731d1932 u y0rusy50 ca
101 0 _arus
102 _aRU
105 _aa z |||||
200 0 _aЗадание 3
210 _d1932
215 _a40 с., 1 вкл. л. черт.
_cил., черт.
461 0 _1001rc\2867757
_12000#$aСудовая механика для судоводителей$eЗадание 1-$fСоставил С.П. Фролов$gЦентр. политехн. заоч. ин-т транспорта ... Речное и морское судоводительское отд-ние$vЗадание 3
_95912553
_aЦентральный политехнический заочный институт транспорта (Москва)
_c[Москва]
_d1931
_fСоставил С.П. Фролов
_nОгиз
_oЗадание 1-
_tСудовая механика для судоводителей
_vЗадание 3
801 0 _aRU
_bNLR
_gpsbo
801 1 _aRU
_bELAR
_2rusmarc
852 _aNLR
_j31-17/484
942 _cUNSPEC
980 _aNB